Ciencia e ideología

Guardado en:
Bibliografiske detaljer
Hovedforfatter: Serrano, Augusto
Format: Texto
Udgivet: Tegucigalpa: UNAH
Tags: Tilføj Tag
Ingen Tags, Vær først til at tagge denne postø!

MARC

LEADER 00000 a a2200000 04500
001 21050
003
040
090 |a 090900  
100 |a Serrano, Augusto  
245 |a Ciencia e ideología  
260 |a Tegucigalpa:   |b UNAH  
300 |a 26 p.  
999 |c 17410  |d 17410